Fall on your knees : (Record no. 185543)
[ view plain ]
| 000 -LEADER | |
|---|---|
| fixed length control field | 01312pam a2200397 a 4500 |
| 008 - FIXED-LENGTH DATA ELEMENTS--GENERAL INFORMATION | |
| fixed length control field | 030324t19981996nyu 000 1 eng d |
| 020 ## - INTERNATIONAL STANDARD BOOK NUMBER | |
| International Standard Book Number | 0743237188 |
| 020 ## - INTERNATIONAL STANDARD BOOK NUMBER | |
| International Standard Book Number | 9780743237185 |
| 040 ## - CATALOGING SOURCE | |
| Original cataloging agency | ICrlF |
| Transcribing agency | ICrlF |
| Modifying agency | ICrlF |
| 050 04 - LIBRARY OF CONGRESS CALL NUMBER | |
| Classification number | PR9199.3.M2985 |
| Item number | F35 1998 |
| 082 04 - DEWEY DECIMAL CLASSIFICATION NUMBER | |
| Classification number | 813/.54 |
| Edition number | 21 |
| 035 ## - SYSTEM CONTROL NUMBER | |
| System control number | (IMchF)fol08420622 |
| 005 - DATE AND TIME OF LATEST TRANSACTION | |
| control field | 20241220155733.0 |
| 001 - CONTROL NUMBER | |
| control field | 199186 |
| 003 - CONTROL NUMBER IDENTIFIER | |
| control field | DCL |
| 100 1# - MAIN ENTRY--PERSONAL NAME | |
| Personal name | MacDonald, Ann-Marie, |
| Dates associated with a name | 1958- |
| 9 (RLIN) | 34612 |
| 245 10 - TITLE STATEMENT | |
| Title | Fall on your knees : |
| Remainder of title | a novel / |
| Statement of responsibility, etc | Ann-Marie MacDonald. |
| 250 ## - EDITION STATEMENT | |
| Edition statement | 1st Scribner Paperback Fiction ed. |
| 260 ## - PUBLICATION, DISTRIBUTION, ETC. (IMPRINT) | |
| Place of publication, distribution, etc | New York : |
| Name of publisher, distributor, etc | Scribner Paperback Fiction, |
| Date of publication, distribution, etc | 1998, c1996. |
| 300 ## - PHYSICAL DESCRIPTION | |
| Extent | 508 p. ; |
| Dimensions | 21 cm. |
| 490 1# - SERIES STATEMENT | |
| Series statement | Oprah's book club |
| 520 ## - SUMMARY, ETC. | |
| Summary, etc | Traces the lives and experiences of four sisters telling of their bonds, secrets, and love for each other. |
| 521 2# - TARGET AUDIENCE NOTE | |
| Target audience note | Adult |
| Source | Follett Library Resources |
| 521 2# - TARGET AUDIENCE NOTE | |
| Target audience note | Adult |
| 510 0# - CITATION/REFERENCES NOTE | |
| Name of source | Wilson's Fiction |
| 510 0# - CITATION/REFERENCES NOTE | |
| Name of source | Library Journal Starred |
| 510 0# - CITATION/REFERENCES NOTE | |
| Name of source | Pub Weekly |
| 650 #0 - SUBJECT ADDED ENTRY--TOPICAL TERM | |
| Topical term or geographic name as entry element | Sisters |
| Form subdivision | Fiction. |
| 9 (RLIN) | 5674091 |
| 650 #0 - SUBJECT ADDED ENTRY--TOPICAL TERM | |
| Topical term or geographic name as entry element | Families |
| Form subdivision | Fiction. |
| 9 (RLIN) | 5674501 |
| 650 #7 - SUBJECT ADDED ENTRY--TOPICAL TERM | |
| Topical term or geographic name as entry element | Sisters |
| Form subdivision | Fiction. |
| Source of heading or term | sears |
| 9 (RLIN) | 5674091 |
| 650 #7 - SUBJECT ADDED ENTRY--TOPICAL TERM | |
| Topical term or geographic name as entry element | Family life |
| Form subdivision | Fiction. |
| Source of heading or term | sears |
| 9 (RLIN) | 5674038 |
| 650 #7 - SUBJECT ADDED ENTRY--TOPICAL TERM | |
| Topical term or geographic name as entry element | Domestic fiction. |
| Source of heading or term | sears |
| 655 #7 - INDEX TERM--GENRE/FORM | |
| Genre/form data or focus term | Domestic fiction. |
| Source of term | lcsh |
| 830 #0 - SERIES ADDED ENTRY--UNIFORM TITLE | |
| Uniform title | Oprah's book club |
| 9 (RLIN) | 63769 |
| 942 ## - ADDED ENTRY ELEMENTS (KOHA) | |
| Koha item type | UNKNOWN |
| Withdrawn status | Lost status | Source of classification or shelving scheme | Damaged status | Not for loan | Collection code | Home library | Current library | Shelving location | Date acquired | Source of acquisition | Cost, normal purchase price | Total Checkouts | Full call number | Barcode | Date last seen | Date checked out | Cost, replacement price | Price effective from | Koha item type |
|---|---|---|---|---|---|---|---|---|---|---|---|---|---|---|---|---|---|---|---|
| Dewey Decimal Classification | Fiction | Wasatch County Library | Wasatch County Library | First Floor | 10/08/2013 | Donation | 14.00 | 10 | F MacDonald | 34301001277930 | 02/29/2024 | 02/15/2022 | 14.00 | 03/20/2020 | BOOK |
